000 00615nam a2200121Ia 4500
008 220620s9999||||xx |||||||||||||| ||und||
100 _aMichoud, Bruno||Hafner, Manfred
245 0 _aFinancing Clean Energy Access in Sub-Saharan Africa
_bRisk Mitigation Strategies and Innovative Financing Structures
546 _aEnglish[eng]
650 _aDevelopment Finance||Energy Access||Sustainability||Risk Mitigation Strategies||Energy Transition||Energy Finance||Clean Energy||Development Economics||Energy Security
856 _uhttps://library.oapen.org/bitstream/20.500.12657/50416/1/978-3-030-75829-5.pdf
942 _cEB
999 _c34414
_d34414